Quest : Listening and speaking in the academic work

Gespeichert in:
Bibliographische Detailangaben
1. Verfasser: Blass, Laurie
Format: Buch
Sprache:Undetermined
Veröffentlicht: Boston McGraw-Hill 2000
Schlagworte:
Tags: Tag hinzufügen
Keine Tags, Fügen Sie den ersten Tag hinzu!
Thư viện lưu trữ: Trung tâm Học liệu Trường Đại học Cần Thơ
LEADER 00524nam a2200205Ia 4500
001 CTU_95367
008 210402s9999 xx 000 0 und d
020 |c 95000 
082 |a 428.24 
082 |b B644/B.2 
100 |a Blass, Laurie 
245 0 |a Quest : 
245 0 |b Listening and speaking in the academic work 
245 0 |c Laurie Blass 
260 |a Boston 
260 |b McGraw-Hill 
260 |c 2000 
650 |a English language 
904 |i Năm 
980 |a Trung tâm Học liệu Trường Đại học Cần Thơ